000 00372nam a2200157Ia 4500
008 131103s9999 xx 000 0 und d
040 _aLoreto College
041 _aEnglish
082 _aREF
_bLCBED/9558
245 _aHow do people travel?
260 _a[s.l.]
_b]s.n.]
_c[19?]
300 _a28p.
_b ill.
_c 21cm.
650 _aREF
850 _aLCBED/REF
942 _cBK
999 _c33938
_d84417